| 000 | 00000nas 2200000za 4500 |
| 001 | 9.864056 |
| 003 | CaOODSP |
| 005 | 20221107161435 |
| 007 | cr ||||||||||| |
| 008 | 181101d19241940oncar p oss f0###b0fre|d |
| 022 | |y0828-3125 |
| 040 | |aCaOODSP|bfre |
| 041 | |aeng|afre |
| 043 | |an-cn--- |
| 086 | 1 |aCS36-202-PDF |
| 245 | 00|aPreliminary report on the paper box & bag industry in Canada |h[ressource électronique]. |
| 246 | 13|aRapport préliminaire sur l'industrie des boîtes et sacs en papier au Canada|f1934-1940 |
| 246 | 13|aPreliminary report on the paper box and bag industry in Canada |
| 246 | 16|aPaper box and bag industry in Canada |
| 260 | |aOttawa :|bDominion Bureau of Statistics, Forest Products Statistics, |c1925-1941. |
| 310 | |aAnnuel |
| 362 | 0 |a1924-1940. |
| 500 | |aÉdition numérisée de l’imprimé [par Statistique Canada]. |
| 515 | |aLes livr. de 1926-1928 et 1931 n'ont pas été publ. |
| 546 | |aTexte en anglais seulement, 1924-1933; texte en anglais et en français, 1934-1940. |
| 550 | |aPubl. 1930-1940 par la Section forestière. |
| 692 | 07|2gccst|aIndustrie des pâtes et papiers |
| 692 | 07|2gccst|aIndustrie de la fabrication |
| 710 | 1 |aCanada. |bBureau fédéral de la statistique. |bStatistiques des produits forestiers. |
| 710 | 1 |aCanada. |bBureau fédéral de la statistique. |bSection forestière. |
| 785 | 00|tThe paper box and bag industry in Canada |w(CaOODSP)9.864061 |
| 791 | |tPreliminary report on the paper box & bag industry in Canada |eeng|w(CaOODSP)9.864055 |